500 Most Common Female Names in Brazil (2010) - Statistics

General Stats
  • This quiz has been taken 157 times
  • The average score is 160 of 500
Answer Stats
Hint Answer % Correct
2 Ana
91%
273 Anna
91%
487 Mari
91%
1 Maria
88%
60 Isabel
85%
224 Izabel
85%
351 Olivia
85%
274 Elisa
82%
409 Eliza
82%
17 Julia
79%
61 Sara
79%
391 Sarah
79%
105 Eva
76%
21 Gabriela
76%
414 Luci
76%
389 Natali
76%
49 Raquel
76%
40 Rosa
76%
253 Elen
74%
332 Ellen
74%
372 Helen
74%
71 Isabela
74%
388 Isabella
74%
401 Izabela
74%
68 Paula
74%
328 Victoria
74%
23 Vitoria
74%
96 Andrea
71%
46 Andreia
71%
195 Clara
71%
42 Daniela
71%
356 Elena
71%
86 Helena
71%
13 Amanda
68%
89 Carolina
68%
52 Joana
68%
75 Laura
68%
20 Mariana
68%
192 Teresa
68%
70 Tereza
68%
93 Valeria
68%
19 Vanessa
68%
88 Alice
65%
12 Camila
65%
36 Carla
65%
6 Juliana
65%
355 Karla
65%
474 Leia
65%
48 Lucia
65%
34 Natalia
65%
294 Nathalia
65%
304 Rose
65%
5 Adriana
62%
50 Angela
62%
25 Claudia
62%
220 Elisabete
62%
131 Elizabete
62%
276 Elizabeth
62%
432 Emile
62%
266 Emili
62%
426 Emilly
62%
246 Emily
62%
208 Jane
62%
15 Jessica
62%
72 Marta
62%
173 Rebeca
62%
212 Sofia
62%
379 Anita
59%
62 Bianca
59%
56 Daniele
59%
341 Danieli
59%
394 Danielle
59%
163 Ester
59%
236 Evelin
59%
447 Evelyn
59%
250 Gessica
59%
489 Karoline
59%
153 Lara
59%
82 Michele
59%
353 Micheli
59%
9 Patricia
59%
275 Rute
59%
326 Ruth
59%
453 Samanta
59%
11 Sandra
59%
135 Veronica
59%
269 Amelia
56%
98 Barbara
56%
243 Carina
56%
73 Caroline
56%
87 Cristina
56%
100 Denise
56%
211 Diana
56%
8 Fernanda
56%
137 Karina
56%
500 Lilia
56%
78 Marina
56%
421 Michelle
56%
97 Tania
56%
22 Vera
56%
4 Antonia
53%
64 Erica
53%
244 Erika
53%
102 Gisele
53%
227 Luisa
53%
69 Luiza
53%
80 Monica
53%
155 Nicole
53%
29 Sonia
53%
292 Vivian
53%
459 Beatris
50%
26 Beatriz
50%
202 Carmem
50%
267 Carmen
50%
450 Estefane
50%
271 Estefani
50%
365 Estela
50%
178 Jenifer
50%
481 Jennifer
50%
226 Karen
50%
118 Pamela
50%
30 Renata
50%
27 Rita
50%
380 Stefani
50%
113 Tatiana
50%
156 Cecilia
47%
133 Gabriele
47%
345 Gabrieli
47%
148 Lilian
47%
289 Nadia
47%
297 Tamara
47%
176 Alexandra
44%
14 Bruna
44%
286 Camile
44%
85 Fatima
44%
187 Ines
44%
370 Keli
44%
167 Kelly
44%
490 Kely
44%
16 Leticia
44%
145 Lorena
44%
28 Luana
44%
431 Manoela
44%
251 Manuela
44%
165 Marisa
44%
327 Mariza
44%
51 Rafaela
44%
114 Roberta
44%
132 Angelica
41%
260 Eloisa
41%
110 Geovana
41%
151 Giovana
41%
376 Giovanna
41%
256 Heloisa
41%
122 Livia
41%
177 Mara
41%
201 Paloma
41%
55 Regina
41%
95 Sabrina
41%
214 Suzana
41%
398 Ane
38%
134 Brenda
38%
37 Debora
38%
115 Elza
38%
3 Francisca
38%
39 Jaqueline
38%
18 Luciana
38%
334 Melissa
38%
219 Miriam
38%
130 Mirian
38%
285 Olga
38%
90 Rosana
38%
79 Silvia
38%
81 Tais
38%
99 Thais
38%
59 Alessandra
35%
313 Angelina
35%
35 Cristiane
35%
344 Edina
35%
84 Edna
35%
107 Eduarda
35%
287 Emilia
35%
342 Iasmim
35%
320 Iasmin
35%
491 Larisa
35%
24 Larissa
35%
215 Mariane
35%
279 Pricila
35%
67 Priscila
35%
429 Rosalia
35%
116 Talita
35%
119 Vania
35%
241 Yasmim
35%
157 Yasmin
35%
229 Alana
32%
10 Aline
32%
249 Catarina
32%
92 Celia
32%
306 Celina
32%
216 Clarice
32%
94 Eliana
32%
63 Flavia
32%
314 Gloria
32%
129 Joice
32%
343 Joyce
32%
348 Judite
32%
106 Milena
32%
186 Sheila
32%
33 Simone
32%
83 Solange
32%
231 Catia
29%
123 Cintia
29%
358 Cristiana
29%
233 Deise
29%
291 Edite
29%
54 Elaine
29%
47 Fabiana
29%
318 Hilda
29%
207 Ilda
29%
199 Isadora
29%
124 Ivone
29%
74 Janaina
29%
32 Josefa
29%
104 Katia
29%
125 Lais
29%
181 Lidia
29%
111 Luciene
29%
281 Madalena
29%
272 Maira
29%
117 Marcela
29%
7 Marcia
29%
443 Matilde
29%
293 Paola
29%
147 Samara
29%
415 Soraia
29%
203 Suelen
29%
77 Tatiane
29%
252 Telma
29%
206 Vanda
29%
368 Virginia
29%
91 Andressa
26%
126 Benedita
26%
427 Celma
26%
411 Cibele
26%
495 Creusa
26%
335 Creuza
26%
423 Dulce
26%
31 Eliane
26%
374 Emanuele
26%
268 Fabiola
26%
174 Geralda
26%
159 Ingrid
26%
278 Iolanda
26%
120 Irene
26%
315 Iris
26%
471 Josefina
26%
198 Luciane
26%
53 Luzia
26%
140 Margarida
26%
43 Marlene
26%
373 Milene
26%
230 Monique
26%
189 Poliana
26%
143 Raissa
26%
38 Rosangela
26%
101 Roseli
26%
160 Selma
26%
66 Silvana
26%
57 Sueli
26%
410 Suely
26%
109 Vilma
26%
65 Viviane
26%
492 Wilma
26%
263 Zelia
26%
321 Adriane
24%
41 Aparecida
24%
248 Claudete
24%
217 Daiana
24%
58 Daiane
24%
375 Dayane
24%
108 Elisangela
24%
179 Elizangela
24%
288 Fabiane
24%
169 Iara
24%
234 Isabele
24%
309 Ivete
24%
247 Jamile
24%
262 Juliane
24%
161 Leila
24%
299 Ligia
24%
240 Lourdes
24%
466 Ludimila
24%
191 Lurdes
24%
144 Maiara
24%
103 Marilene
24%
210 Mayara
24%
408 Mirela
24%
188 Naiara
24%
307 Nayara
24%
142 Neide
24%
200 Nilza
24%
45 Raimunda
24%
371 Samira
24%
127 Sebastiana
24%
325 Silmara
24%
128 Taina
24%
436 Talia
24%
112 Tamires
24%
172 Teresinha
24%
44 Terezinha
24%
486 Yara
24%
193 Zilda
24%
425 Adelaide
21%
392 Aurea
21%
359 Carine
21%
228 Cassia
21%
158 Conceição
21%
190 Dalva
21%
303 Damiana
21%
354 Dilma
21%
218 Edilene
21%
442 Gilda
21%
418 Gilmara
21%
381 Isaura
21%
462 Jurema
21%
223 Jussara
21%
222 Karine
21%
235 Keila
21%
439 Laila
21%
322 Maristela
21%
76 Marli
21%
476 Naiane
21%
435 Nara
21%
300 Nubia
21%
225 Odete
21%
390 Quitéria
21%
162 Raiane
21%
364 Rayane
21%
152 Severina
21%
472 Shirlei
21%
400 Shirley
21%
259 Valquiria
21%
383 Adelia
18%
469 Adelina
18%
238 Adriele
18%
482 Alcione
18%
213 Ariane
18%
298 Glaucia
18%
239 Joseane
18%
121 Josiane
18%
407 Leandra
18%
183 Lidiane
18%
180 Liliane
18%
488 Magali
18%
402 Magda
18%
138 Nair
18%
477 Noemi
18%
280 Rosalina
18%
404 Rosemeire
18%
204 Rosimeire
18%
154 Cleide
15%
205 Cleusa
15%
295 Cleuza
15%
473 Dalila
15%
377 Meire
15%
221 Eliete
15%
433 Elvira
15%
412 Fabricia
15%
352 Graziela
15%
312 Graziele
15%
434 Ione
15%
456 Janice
15%
284 Maisa
15%
302 Margarete
15%
185 Marilia
15%
164 Regiane
15%
305 Salete
15%
485 Taisa
15%
242 Alzira
12%
254 Arlete
12%
393 Bernadete
12%
150 Cicera
12%
413 Doralice
12%
403 Edileuza
12%
209 Eliene
12%
146 Franciele
12%
399 Francieli
12%
363 Geane
12%
470 Graciele
12%
182 Iracema
12%
340 Ivani
12%
339 Jacira
12%
264 Jandira
12%
336 Jeane
12%
461 Lavinia
12%
438 Lucelia
12%
139 Neusa
12%
141 Neuza
12%
301 Noemia
12%
316 Norma
12%
196 Rosane
12%
283 Roseane
12%
308 Rosiane
12%
168 Tainara
12%
378 Zenaide
12%
333 Andresa
9%
237 Andreza
9%
422 Angelita
9%
369 Carmelita
9%
430 Claudineia
9%
265 Dirce
9%
384 Domingas
9%
257 Elizete
9%
166 Eunice
9%
498 Geisa
9%
448 Gleice
9%
458 Ieda
9%
467 Ilza
9%
396 Irani
9%
366 Ivanete
9%
197 Ivonete
9%
424 Jaine
9%
149 Janete
9%
170 Joelma
9%
385 Laiane
9%
194 Lucilene
9%
232 Lucimar
9%
296 Lucimara
9%
311 Lucineia
9%
277 Luzinete
9%
290 Marilda
9%
468 Marilza
9%
386 Marines
9%
349 Marinete
9%
405 Marizete
9%
445 Marluce
9%
357 Maura
9%
480 Natalina
9%
331 Nilda
9%
478 Noeli
9%
319 Rosilda
9%
329 Silvania
9%
310 Sirlei
9%
324 Sirleide
9%
416 Socorro
9%
367 Taiane
9%
330 Valdete
9%
258 Valdirene
9%
387 Vanderleia
9%
361 Vanusa
9%
419 Zenilda
9%
417 Alda
6%
479 Carolaine
6%
497 Claudiane
6%
483 Cleidiane
6%
493 Edivania
6%
460 Edvania
6%
317 Elenice
6%
464 Francilene
6%
255 Geni
6%
245 Gislaine
6%
428 Ilma
6%
184 Iraci
6%
395 Ivanilda
6%
446 Jaciara
6%
346 Josilene
6%
496 Jucelia
6%
451 Laisa
6%
362 Leda
6%
282 Leidiane
6%
323 Lucineide
6%
171 Marinalva
6%
261 Nadir
6%
449 Neiva
6%
382 Neli
6%
455 Olinda
6%
463 Raisa
6%
270 Rejane
6%
452 Romilda
6%
454 Rosemere
6%
136 Rosilene
6%
499 Valdelice
6%
347 Alaide
3%
484 Albertina
3%
175 Cleonice
3%
360 Diva
3%
465 Elane
3%
437 Gislene
3%
475 Ivanilde
3%
406 Joselia
3%
441 Jucilene
3%
444 Juraci
3%
420 Marcilene
3%
457 Marineide
3%
494 Nazare
3%
338 Rosineide
3%
350 Divina
0%
397 Leonice
0%
337 Lindalva
0%
440 Vanilda
0%
No matching quizzes found
Score Distribution
Percent of People with Each Score
Percentile by Number Answered
Your Score History
You have not taken this quiz